<?xml version="1.0" encoding="UTF-8"?>
<record
    xmlns:xsi="http://www.w3.org/2001/XMLSchema-instance"
    xsi:schemaLocation="http://www.loc.gov/MARC21/slim http://www.loc.gov/standards/marcxml/schema/MARC21slim.xsd"
    xmlns="http://www.loc.gov/MARC21/slim">

  <leader>02225nam a22003017a 4500</leader>
  <controlfield tag="001">249</controlfield>
  <controlfield tag="003">OSt</controlfield>
  <controlfield tag="005">20250528074016.0</controlfield>
  <controlfield tag="008">250214b        |||||||g |||| 00| 1 eng d</controlfield>
  <datafield tag="040" ind1=" " ind2=" ">
    <subfield code="b">por</subfield>
  </datafield>
  <datafield tag="041" ind1=" " ind2=" ">
    <subfield code="h">eng</subfield>
    <subfield code="a">por</subfield>
  </datafield>
  <datafield tag="082" ind1=" " ind2=" ">
    <subfield code="a">823</subfield>
    <subfield code="b">F735d</subfield>
  </datafield>
  <datafield tag="100" ind1="1" ind2=" ">
    <subfield code="a">Forsyth, Frederick,</subfield>
    <subfield code="d">1938-</subfield>
    <subfield code="9">458</subfield>
  </datafield>
  <datafield tag="240" ind1=" " ind2=" ">
    <subfield code="a">The day of Jackal</subfield>
  </datafield>
  <datafield tag="245" ind1=" " ind2=" ">
    <subfield code="a">O dia do chacal /</subfield>
    <subfield code="c">Forsyth, Frederick ; Tradu&#xE7;&#xE3;o de A. B. Pinheiro de Lemos</subfield>
  </datafield>
  <datafield tag="260" ind1=" " ind2=" ">
    <subfield code="a">S&#xE3;o Paulo</subfield>
    <subfield code="b">Abril</subfield>
    <subfield code="c">1980</subfield>
  </datafield>
  <datafield tag="300" ind1=" " ind2=" ">
    <subfield code="a">442 p.</subfield>
  </datafield>
  <datafield tag="520" ind1=" " ind2=" ">
    <subfield code="a">No dia 11 de mar&#xE7;o de 1963, o Tenente-Coronel Jean-Marie Bastien-Thiry, da Organiza&#xE7;&#xE3;o do Ex&#xE9;rcito Secreto (OES), foi executado por um pelot&#xE3;o de fuzilamento. A &#xFA;ltima tentativa de assassinar o Presidente De Gaulle tinha falhado, e, como ela, desmoronava toda a capacidade da OES de ser instrumento de crime pol&#xED;tico. Nada do que acontecia dentro das suas fileiras ficava mais do que algumas horas desconhecido das autoridades de seguran&#xE7;a da Fran&#xE7;a. Foi ent&#xE3;o que os chefes restantes da OES lan&#xE7;aram o Plano Chacal. Haveria uma explica&#xE7;&#xE3;o de ordem pol&#xED;tica para a extraordin&#xE1;ria onda de assaltos a bancos e joalherias que se abateu sobre a Fran&#xE7;a algumas semanas depois? Por que os chefes da OES se esconderam sob forte guarda num hotel de Roma, sem ir uma s&#xF3; vez &#xE0; rua? Qual a rela&#xE7;&#xE3;o de tudo isso com o desaparecimento dos passaportes de dois inocentes turistas em Londres? Quem era o risco de seguran&#xE7;a nas reuni&#xF5;es de uma comiss&#xE3;o das mais altas autoridades da Fran&#xE7;a? Como se envolveram no caso a Scotland Yard, o Servi&#xE7;o Secreto ingl&#xEA;s, o Foreign Office e at&#xE9; o Primeiro-Ministro da Inglaterra?

Tudo isso se explica no decurso desta empolgante hist&#xF3;ria, cheia de emo&#xE7;&#xE3;o e suspense, em que se conta como um assassino profissional, conhecido pelo nome de Chacal, esteve literalmente a um cent&#xED;metro de assassinar Charles de Gaulle e de talvez dar novo rumo &#xE0; hist&#xF3;ria do mundo.</subfield>
  </datafield>
  <datafield tag="650" ind1=" " ind2="0">
    <subfield code="a">Literatura Inglesa</subfield>
    <subfield code="9">89</subfield>
  </datafield>
  <datafield tag="650" ind1=" " ind2="0">
    <subfield code="a">Romance Policial </subfield>
    <subfield code="9">11</subfield>
  </datafield>
  <datafield tag="650" ind1=" " ind2="0">
    <subfield code="a">Crime e Investiga&#xE7;&#xE3;o </subfield>
    <subfield code="9">13</subfield>
  </datafield>
  <datafield tag="650" ind1=" " ind2="0">
    <subfield code="a">Suspense</subfield>
    <subfield code="9">10</subfield>
  </datafield>
  <datafield tag="650" ind1=" " ind2="0">
    <subfield code="a">Filme</subfield>
    <subfield code="9">26</subfield>
  </datafield>
  <datafield tag="655" ind1=" " ind2="0">
    <subfield code="a">Romance</subfield>
    <subfield code="9">23</subfield>
  </datafield>
  <datafield tag="655" ind1=" " ind2="0">
    <subfield code="a">Fic&#xE7;&#xE3;o </subfield>
    <subfield code="9">22</subfield>
  </datafield>
  <datafield tag="700" ind1=" " ind2=" ">
    <subfield code="a">A. B. Pinheiro de Lemos</subfield>
    <subfield code="e">Tradutor</subfield>
    <subfield code="9">109</subfield>
  </datafield>
  <datafield tag="942" ind1=" " ind2=" ">
    <subfield code="2">ddc</subfield>
    <subfield code="n">0</subfield>
    <subfield code="c">BK</subfield>
  </datafield>
  <datafield tag="952" ind1=" " ind2=" ">
    <subfield code="0">0</subfield>
    <subfield code="1">0</subfield>
    <subfield code="2">ddc</subfield>
    <subfield code="4">0</subfield>
    <subfield code="7">0</subfield>
    <subfield code="8">FIC</subfield>
    <subfield code="a">BIBIB</subfield>
    <subfield code="b">BIBIB</subfield>
    <subfield code="c">LE</subfield>
    <subfield code="d">2003-08-06</subfield>
    <subfield code="e">doa&#xE7;&#xE3;o</subfield>
    <subfield code="l">1</subfield>
    <subfield code="o">823 / F735d</subfield>
    <subfield code="p">2025-12299</subfield>
    <subfield code="q">2025-02-14</subfield>
    <subfield code="r">2025-02-14 09:35:17</subfield>
    <subfield code="s">2025-02-14</subfield>
    <subfield code="w">2025-02-14</subfield>
    <subfield code="y">BK</subfield>
  </datafield>
  <datafield tag="999" ind1=" " ind2=" ">
    <subfield code="c">249</subfield>
    <subfield code="d">249</subfield>
  </datafield>
</record>
